[Event "Candidates qf Spassky-Hort +2-1=13"]
[Site "Reykjavik"]
[Date "1977.03.01"]
[Round "3"]
[White "Spassky, Boris Vasilievich"]
[Black "Hort, Vlastimil"]
[Result "1-0"]
[WhiteElo "2610"]
[BlackElo "2620"]
[Annotator "Primel,D"]
[PlyCount "79"]
[EventDate "1977.02.??"]
[EventType "match"]
[EventRounds "16"]
[EventCountry "ISL"]
[SourceTitle "Candidates"]
[Source "ChessBase"]
[SourceDate "1999.07.01"]
[SourceVersion "2"]
[SourceVersionDate "1999.07.01"]
[SourceQuality "1"]

1. c4 {Le match s'est déroulé en 16 parties а l'hôtel "Loftleidir" de
Reykjavik. Le soviétique a difficilement gagné le match sur le score de 8,5/7,
5 avec seulement 3 parties décisives dont celle-ci mais qui s'est terminée
d'une manière cocasse.} e5 2. Nc3 Nc6 3. g3 g6 4. Bg2 Bg7 5. e3 d6 6. Nge2 f5 (
6... h5 $5 7. h4 {[%csl Rg4];Larsen,B-Spassky,B Candidates sf2 1968 (2) 0-1} (
7. d4 $5 h4 8. d5 Nce7 9. e4 {Lein,A (2530)-Razuvaev,Y (2490) URS-ch40 Baku
1972 (8) 1/2})) (6... Nge7 {La grande ligne} 7. O-O O-O 8. d3 (8. Rb1 {[%cal
Gb2b4,Gb4b5]})) 7. d4 e4 8. b4 $1 {[%cal Gd1a4,Gd4d5]} Nf6 9. Rb1 $146 {
[%cal Gb4b5] La nouveauté préparée par Spassky: La R vient soutenir la poussée
du P "b" et elle aura ensuite accés а la 2ème rangée via "b2" dans la partie.}
(9. Qb3 {Schoeneberg,M-Schmitz,B DDR-ch 19th Freiberg 1970 (5) 1/2}) 9... Ne7
10. f3 $1 exf3 11. Bxf3 O-O 12. O-O Kh8 13. b5 Neg8 14. Nf4 Re8 15. Rb2 $5 {
[%cal Gb2e2]} Nh6 16. Bg2 Nf7 {[%csl Re4][%cal Gf7g5,Gg5e4]} 17. Nfd5 (17. h4 {
[%csl Gf4,Rg4]} Nh6 $11 {[%cal Gh6g4]}) 17... Nxd5 (17... Ng5 18. Nxf6) (17...
Ng4 18. e4 c6 19. bxc6 bxc6 20. Nb4 $14) 18. Bxd5 (18. cxd5 $5 {[%csl Rc7]
[%cal Gb2c2]}) 18... Qd7 (18... Qe7 $143 19. e4 {[%csl Re7][%cal Gb2e2,Ge2e7]}
Nh6 20. Re2 $36 {[%cal Ge4f5]}) 19. Bg2 Ng5 20. h4 Ne6 {[%csl Rc8]} 21. g4 $2 (
21. Re2 c5 22. bxc6 bxc6 23. Qa4 Bb7 24. d5 Nd8 25. Bd2 Be5) (21. h5 $142 a6 (
21... g5 22. Rbf2 (22. Rxf5 $143 Nxd4) 22... Rf8 23. h6 $1 Bxh6 24. Rxf5 Rxf5
25. Rxf5 Bg7 26. Rf2 $16) 22. g4 $1 {Maintenant la poussée "g4" est beaucoup
plus forte.} (22. a4) 22... fxg4 23. Qxg4 Nxd4 24. Qxd7 Bxd7 25. Bxb7 Rab8 26.
bxa6 Nc6 27. hxg6 $3 Bxc3 28. Rf7 {[%cal Gf7d7,Gf7h7]} Red8 29. a7 $1 Nxa7 30.
Rxh7+ Kg8 31. Bd5+ Kf8 32. g7+ Bxg7 33. Rf2+ Ke8 34. Rxg7) 21... fxg4 22. Qxg4
Nxd4 $1 $15 23. Qxd7 Bxd7 24. exd4 Bxd4+ 25. Rbf2 Bxc3 $40 26. Bxb7 Rab8 27.
Rf7 (27. Bd5) 27... Bd4+ (27... Bxb5 28. cxb5 Rxb7 29. a4 (29. Bh6 {[%cal
Gf7f8]} Bd4+ (29... Rbb8 30. Rxc7 (30. Kg2) 30... Bd4+) 30. Kg2) 29... h5 30.
Bg5 {[%cal Gf7d7,Gf1f7]} Bd4+ 31. Kg2 Kg8 $1 {[%cal Ge8f8] Empêche les blancs
de doubler sur la 7ème rangée.} 32. R1f3 a6 $1 33. bxa6 Rb2+ 34. Kg3 Be5+ 35.
Bf4 Bxf4+ 36. R3xf4 Rb3+ 37. Kg2 Rb2+ {Avec un échec perpétuel}) 28. Kh2 (28.
Kg2 Re2+ 29. Kg3 Be6 30. Rxc7 Rc2 $36) 28... Bf5 $6 (28... Bxb5 29. cxb5 Rxb7 {
Retombe sur la variante du 27ème coup}) 29. Rxc7 Re2+ 30. Kg3 Rxa2 31. Bf4 {
[%csl Rd6]} Rd8 (31... Bd3) 32. Bd5 h5 33. Re7 a5 34. bxa6 Rxa6 35. Bg5 Rb8 (
35... Ra3+ 36. Rf3 Rxf3+ 37. Kxf3 Rd7 38. Re8+ Kh7 39. Bf4 $11 (39. Bg8+ Kg7
40. Bd5)) (35... Rf8 $141) 36. Rxf5 $1 gxf5 37. Kf4 $36 {[%csl Ge7][%cal Gf4f5]
} Rf8 38. Bh6 Rg8 39. Kxf5 Rg1 $6 (39... Ra5 $142 {[%cal Ga5f5] Un coup utile
pour clouer le B et gagner un temps pour passer le contrôle de temps}) 40. Bg5
$1 {[%csl Rg1] Survient le tournant de la partie et peut-être du match:
Vladimir HORT qui avait du temps а la pendule, se rend а moment aux toilettes
avant de jouer son 40ème coup. Or, pour se rendre aux toilettes il fallait
traverser une autre pièce qui a été fermée а clé par erreur par le personnel
de l'hôtel après son passage! Il n' a été délivré que trop tard et il n'a pas
eu le temps de jouer le 40ème coup. En conséquence, il perd la partie et le
match s'est terminé avec seulement 1 point d'écart...  Autre anecdote du match,
SPASSKY a été opéré d'urgence après la 13ème ronde а la suite d'une crise
d'appendicite aigüe.} 1-0

[Event "Bundesliga 1213"]
[Site "Germany"]
[Date "2013.04.06"]
[Round "14.1"]
[White "Giri, Anish"]
[Black "Prusikin, Michael"]
[Result "1-0"]
[WhiteElo "2730"]
[BlackElo "2545"]
[Annotator "Prusikin,M"]
[PlyCount "63"]
[EventDate "2012.10.20"]
[EventType "team-tourn"]
[EventRounds "15"]
[EventCountry "GER"]
[SourceTitle "EXT 2015"]
[Source "ChessBase"]
[SourceDate "2014.11.20"]
[SourceVersion "1"]
[SourceVersionDate "2014.11.20"]
[SourceQuality "1"]
[WhiteTeam "Emsdetten Turm"]
[BlackTeam "Forchheim"]
[WhiteTeamCountry "GER"]
[BlackTeamCountry "GER"]

1. c4 e5 2. Nc3 Nc6 3. g3 Bc5 4. Bg2 a6 5. e3 d6 6. Nge2 Ba7 {Eine giftige
Variante.} 7. d3 ({, z.B. handelt sich Weiß mit} 7. O-O $2 h5 $40 {sofort
Probleme ein.}) (7. a3 $5) 7... h5 $5 {Vor der weißen Rochade wirkt dieser
Ausfall zugegebenermaßen etwas absurd, aber bei näherem Betrachten stellt
h5-h4 auch hier eine lästige Drohung dar.} 8. h3 (8. h4 {schwächt das Feld g4}
Nf6 $15) 8... f5 $1 $146 {Kaffeehausschach :) Nein, Spaß bei Seite, der Zug
ist nicht so blöd, wie er aussieht, immerhin wird zunächst einmal de
positionelle Drohung h5-h4 erneuert, was den Anziehnden dazu zwingt, mit} 9. h4
{...ein Tempo zu verlieren.} (9. b3 h4) 9... Nf6 10. d4 O-O 11. b3 (11. dxe5
dxe5 12. Qxd8 Rxd8 $15) (11. O-O Ng4 12. dxe5 dxe5 13. Qxd8 Nxd8 14. b3 Ne6)
11... f4 $1 {Die einzige Rechfertigung des vorausgegangenen aggressiven Spiels.
} 12. dxe5 (12. gxf4 exd4 13. Nxd4 Nxd4 14. exd4 Bg4 $15) 12... f3 $1 13. Bxf3
Nxe5 14. Bg2 (14. Nf4 Nxf3+ 15. Qxf3 c6 16. O-O (16. Nxh5 $4 Nxh5 17. Qxh5 Qf6
$19) 16... Bg4 17. Qg2 Qd7 18. Ba3 Rae8 $44) 14... Bg4 $1 15. Bxb7 $4 {Nach
den vorausgegangenen Eskapaden nahm mich Anish nicht mehr ernst. Der Bauer ist
eigentlich völlig ungenießbar.} (15. O-O Nf3+ 16. Kh1 c6 $1 (16... Nd7 $5) 17.
Qc2 $1 (17. Bb2 Nxh4 $1 18. gxh4 Nh7 19. Kg1 Qxh4 $40) 17... Nd7 $40) 15...
Nf3+ 16. Kf1 Qd7 $1 17. Kg2 Rab8 (17... Rae8 $19) 18. Bd5+ Kh8 $5 (18... Nxd5
$5 $19) 19. Bb2 Rbe8 {Ich war mir sicher, nach dem 15. Zug von Weiß auf Gewinn
zu stehen, allerdings kosteten mich die letzten 3-4 Züge recht viel Zeit: die
Wahl zwischen mehreren guten Zügen ist immer die unangenehmste!} 20. Nf4 $3 {
Aus Not geboren (es ist schwer, eine Alternative dazu vorzuschlagen), hat mich
dieser Zug ziemlich schockiert: stellt Weiß nicht die Dame ein?} (20. Rc1 Ne5
21. Kg1 Nxd5 22. Nxd5 Bf3 23. Bxe5 Rxe5 $19) 20... Nxh4+ $4 {Ein unglaublicher
Fehler: OK, die Folgen dieses Zuges waren in der Tat schwer zu berechnen, aber
ich schaute mich überhaupt nicht an Alternativen um, die Anziehungskraft der
Dame war einfach zu groß!} (20... Ne5 $1 {wie Anish nach der Partie zeigte,
gewann Schwarz nach} 21. Qb1 (21. f3 Nxd5 $19) 21... c6 22. Be4 Nxe4 23. Nxe4
Bf3+ 24. Kg1 Rxf4 $1 $19 {recht elementar.}) 21. Rxh4 Bxd1 22. Rxd1 $1 {
Eine weitere böse Überraschung, ich rechnete nur mit} (22. Ng6+ $2 Kh7 23.
Nxf8+ Rxf8 24. Rxd1 g5 $1 25. Rh2 Qf5 $17) 22... g5 $2 {Der letzte Fehler,
allerdings mache ich mir deswegen keinen Vorwurf: die brilliante Widerlegung
dieses Zuges kann einem schon mal entgehen.} ({Auch der schmale Weg zum
Unentschieden war nicht leicht zu finden:} 22... Nxd5 $1 23. Rxd5 $1 Kg8 24.
Rdxh5 Re5 $8 25. Rh8+ Kf7 26. Rxf8+ Kxf8 27. Ng6+ Kf7 28. Nxe5+ dxe5 29. Re4
Qd3 30. Rxe5 c6 $11) 23. Ne4 $3 $18 gxh4 24. Bxf6+ (24. Nxf6 $16) 24... Kh7 25.
Rh1 $1 (25. Bxh4 Qf5 26. Ng5+ Kh6 $13) 25... Rxe4 (25... Qf5 26. Ng5+ (26. Rxh4
Rxf6 27. Rxh5+ Kg7 28. Rxf5 Rxf5 29. Ne6+ Rxe6 30. Bxe6 Ra5 31. a4 $16) 26...
Kh6 27. Rxh4 Rxf6 28. Rxh5+ Kg7 29. Nge6+ Qxe6 30. Nxe6+ Rexe6 31. Bxe6 Rxe6
32. Ra5 Bc5 33. Rxa6 $18) 26. Bxe4+ Kg8 27. Bd5+ Kh7 28. Nxh5 Kg6 29. Be4+ Kf7
30. Rxh4 c6 31. Rf4 Kg8 32. Bf5 {Eine Partie, die mich noch lange nach ihrem
Ende verfolgte.} 1-0

[Event "Vandoeuvre op 11th"]
[Site "Vandoeuvre"]
[Date "2014.12.29"]
[Round "7"]
[White "Skembris, Spyridon"]
[Black "Guliyev, Namig"]
[Result "1/2-1/2"]
[WhiteElo "2420"]
[BlackElo "2557"]
[Annotator "RR"]
[PlyCount "92"]
[EventDate "2014.12.26"]
[EventType "swiss"]
[EventRounds "9"]
[EventCountry "FRA"]
[SourceTitle "EXT 2017"]
[Source "ChessBase"]
[SourceDate "2016.10.25"]
[SourceVersion "1"]
[SourceVersionDate "2016.10.25"]
[SourceQuality "1"]

1. c4 {Pour l'anecdote, le grec rédige ses feuilles de parties en français}
e5 2. g3 Nf6 3. Bg2 Nc6 (3... h6 $5) 4. Nc3 Bc5 (4... Bb4) 5. a3 (5. e3 {
[%cal Gg1e2,Gd2d4]}) (5. d3) 5... a5 (5... a6 {Plus souple pour éviter
d'affaiblir la case "b5"} 6. e3 O-O 7. Nge2 d6 8. O-O Ba7 9. b4 Be6 $132) 6. e3
O-O 7. Nge2 Re8 8. O-O Ba7 (8... d6 9. d3 Bg4 {La grande ligne}) 9. d3 d6 10.
Nb5 $146 (10. Nd5 Nxd5 11. cxd5 Ne7 12. d4 $14 {[%csl Rc7];Rodriguez Guerrero,
E (2309)-Mellado Trivino,J (2447) Seville op 27th 2002 (9) 0-1}) 10... Bb6 11.
Nec3 {[%csl Rb5] Le plan des Blancs est un peu douteux notamment par rapport
au principe "de la pièce superflue" de Dvoretsky} Na7 {Résoud le problème
du Nb5 qui tapait dans le vide} (11... Ne7 $5 {[%csl Rb5,Rc3][%cal Gc7c6]} 12.
b3 (12. Na4 Ba7 13. Nxa7 Rxa7) 12... c6) 12. Nxa7 Bxa7 13. b4 c6 {[%cal Gd6d5]}
14. b5 d5 15. Rb1 $1 Bg4 16. Qc2 Rc8 $11 {[%cal Gc8c2]} 17. bxc6 bxc6 18. h3
Be6 19. Na4 dxc4 20. dxc4 Qc7 21. c5 {[%cal Ga4b6]} Rb8 22. Bd2 {[%cal Ga4b6,
Gd2a5]} Rb5 $1 (22... h6 23. Nb6 Bxb6 24. cxb6 Rxb6 25. Bxa5) 23. Nb6 $1 Bxb6
24. cxb6 Qxb6 25. Bxc6 Rc8 26. Rxb5 Qxb5 27. Bxb5 Rxc2 28. Bxa5 Bxh3 {[%csl
Rf2][%cal Gf6g4]} 29. Rd1 g5 30. a4 Kg7 (30... Ng4 31. Be1) 31. Ra1 Ng4 32. Be1
{[%cal Ga4a8]} e4 33. a5 Ne5 34. a6 Nf3+ 35. Kh1 Be6 $2 (35... Nxe1 36. Rxe1 (
36. a7 $4 Nf3 37. a8=Q Rxf2 {[%csl Gf3,Rg1][%cal Gf2h2] Avec mat des arabes}))
36. Ba4 $1 Rc8 37. Bb4 h5 38. a7 Bd5 39. Kg2 Kf6 40. Ba5 h4 41. Rd1 h3+ $1 42.
Kh1 (42. Kxh3 Rh8+ 43. Kg2 Rh2+ 44. Kf1 Bc4+ 45. Rd3 Bxd3#) 42... Ke6 43. Bd7+
Kxd7 44. Rxd5+ Ke6 45. Rc5 Ra8 46. Rc7 Ne5 1/2-1/2

[Event "URS-chT Cup 11th"]
[Site "Rostov on Don"]
[Date "1980.05.??"]
[Round "1"]
[White "Jussupow, Artur"]
[Black "Kupreichik, Viktor D"]
[Result "1/2-1/2"]
[WhiteElo "2490"]
[BlackElo "2530"]
[Annotator "RR"]
[PlyCount "83"]
[EventDate "1980.05.23"]
[EventType "team-tourn"]
[EventRounds "7"]
[EventCountry "URS"]
[SourceTitle "EXT 2020"]
[Source "ChessBase"]
[SourceDate "2019.10.17"]
[SourceVersion "1"]
[SourceVersionDate "2019.10.17"]
[SourceQuality "1"]
[WhiteTeam "Burevestnik"]
[BlackTeam "Dinamo"]
[WhiteTeamCountry "URS"]
[BlackTeamCountry "URS"]

1. c4 e5 2. g3 Nc6 3. Bg2 d6 4. Nc3 Be6 5. d3 Qd7 6. Nd5 (6. Rb1) 6... f5 ({RR
} 6... Nge7 7. Qa4 Rb8 8. Bd2 b5 9. cxb5 Bxd5 10. Bxd5 Nd4 11. Bg2 Qxb5 12.
Qxb5+ Rxb5 13. Rb1 c5 14. Nf3 Nc2+ 15. Kd1 Nb4 16. a3 Nbc6 17. e3 g6 18. Ke2
Bg7 19. Ng5 h6 20. Ne4 Kd7 21. Nc3 {Portisch,L (2630)-Ljubojevic,L (2605)/La
Valetta 1980/EXT 2000/1/2-1/2}) 7. Nf3 Nf6 (7... h6) 8. Ng5 Bg8 9. O-O h6 10.
Nxf6+ gxf6 11. Nf3 O-O-O $11 12. Nh4 d5 $1 13. cxd5 Bxd5 $36 14. Bxd5 Qxd5 15.
e4 fxe4 16. Qg4+ Qd7 (16... Kb8) 17. Qxd7+ Rxd7 18. Ng6 Rg8 19. Nxf8 Rxf8 20.
dxe4 h5 21. Be3 Nd4 {[%cal Gd4c2]} 22. Rad1 (22. Kg2 Nc2 23. Rad1 Nxe3+) 22...
c5 23. f4 Re8 24. Kg2 b6 25. fxe5 fxe5 26. Rf6 Rg8 27. Bxd4 h4 $1 28. Kf3 hxg3
29. hxg3 exd4 30. e5 Rdg7 31. Rg1 Rg5 32. Kf4 Rg4+ 33. Kf3 Kd7 34. Rf7+ Ke6 35.
Rxa7 d3 (35... Kxe5 36. Rd7 {[%cal Gg1e1]}) 36. Rh7 Kxe5 37. Rd7 c4 38. Re1+
Kf6 39. Rd6+ Kf5 40. Rd5+ Kf6 41. Rd6+ Kf5 42. Rd5+ 1/2-1/2

[Event "Bundesliga 1112"]
[Site "Germany"]
[Date "2011.11.20"]
[Round "5.4"]
[White "Grandelius, Nils"]
[Black "Tikkanen, Hans"]
[Result "1-0"]
[WhiteElo "2536"]
[BlackElo "2591"]
[Annotator "RR"]
[PlyCount "129"]
[EventDate "2011.10.14"]
[EventType "team-tourn"]
[EventRounds "15"]
[EventCountry "GER"]
[SourceTitle "CBM 146"]
[Source "ChessBase"]
[SourceDate "2012.01.18"]
[SourceVersion "1"]
[SourceVersionDate "2012.01.18"]
[SourceQuality "1"]
[WhiteTeam "Emsdetten Turm"]
[BlackTeam "Dortmund Hansa"]
[WhiteTeamCountry "GER"]
[BlackTeamCountry "GER"]

1. c4 e5 2. Nc3 Nc6 3. Nf3 f5 4. d3 Nf6 5. g3 Bb4 6. Bd2 O-O 7. Bg2 d6 8. O-O
Bd7 9. a3 Bxc3 10. Bxc3 Qe8 11. e3 f4 12. exf4 exf4 13. Qd2 Ng4 14. Rae1 Qh5
15. Re4 Nge5 16. Rxf4 Rxf4 17. Nxe5 dxe5 18. gxf4 Bh3 19. Qe3 Bxg2 20. Kxg2
Qg4+ 21. Qg3 Qxf4 22. Qxf4 exf4 23. d4 Ne7 24. Re1 Ng6 25. d5 Kf7 26. Kf3 a6
27. Bd2 Rd8 28. Bxf4 Nxf4 29. Kxf4 Rd6 30. Re4 Rh6 31. Kg3 c6 32. dxc6 Rxc6 33.
b4 Rd6 34. Kf4 Rd2 35. Ke5 Rxf2 36. Kd6 Rxh2 37. Kc7 b5 $2 (37... a5 38. b5 g5)
38. c5 $18 g5 39. Kb7 Rc2 40. c6 Kf6 41. c7 (41. Rd4) 41... h5 $18 42. Re8 g4
43. c8=Q Rxc8 44. Rxc8 g3 45. Rg8 h4 46. Kxa6 Kf5 47. a4 bxa4 48. b5 a3 49. b6
a2 50. Rf8+ Ke4 51. Rf1 g2 52. Rc1 h3 53. b7 h2 54. b8=Q g1=Q 55. Rc4+ Kf3 56.
Qf4+ Ke2 57. Rc2+ Kd3 58. Qc4+ Ke3 59. Rc3+ Kf2 60. Qf4+ Ke2 61. Qf3+ Ke1 62.
Rc1+ Kd2 63. Qc3+ Ke2 64. Rc2+ Kf1 65. Qa1# 1-0

[Event "EU-Cup 05th round of 16"]
[Site "Clichy"]
[Date "1986.04.04"]
[Round "2.1"]
[White "Tal, Mihail"]
[Black "Renet, Olivier"]
[Result "0-1"]
[WhiteElo "2565"]
[BlackElo "2395"]
[Annotator "RR"]
[PlyCount "94"]
[EventDate "1986.01.04"]
[EventType "team-match"]
[EventRounds "2"]
[EventCountry "FRA"]
[SourceTitle "EXT 2010"]
[Source "ChessBase"]
[SourceDate "2010.11.25"]
[SourceVersion "1"]
[SourceVersionDate "2010.11.25"]
[SourceQuality "1"]
[WhiteTeam "Trud"]
[BlackTeam "Clichy Echecs 92"]
[WhiteTeamCountry "URS"]
[BlackTeamCountry "FRA"]

1. c4 e5 2. Nc3 Nc6 3. g3 g6 4. Bg2 Bg7 5. Rb1 d6 6. b4 a6 (6... f5) 7. a4 Nf6
(7... f5) 8. b5 axb5 9. axb5 Nd4 10. e3 Ne6 11. Nge2 O-O 12. O-O Re8 13. d3 Nc5
14. e4 (14. f4 exf4 15. gxf4 Ng4 16. e4 f5 {O.Renet}) 14... Nh5 $5 15. f4 exf4
16. gxf4 (16. d4 $143 Bg4 $1 {O.Renet}) 16... f5 17. e5 (17. Be3 $142) 17...
dxe5 $17 18. Be3 Ne6 19. fxe5 Bxe5 (19... f4 $40) 20. d4 Bg7 21. d5 f4 (21...
Ng5 $5) 22. Bd2 $2 (22. dxe6 fxe3 23. Qxd8 Rxd8 24. Rf7 (24. e7 Re8 25. Rbd1
Bg4 26. Bxb7) 24... Bxe6 25. Rxc7) 22... Ng5 $36 23. Nxf4 Nxf4 24. Rxf4 Nh3+
25. Bxh3 Bxh3 26. Qf3 Bf5 27. Rf1 Ra3 28. c5 Qe7 $138 29. Rc4 Qd7 30. c6 bxc6
31. bxc6 Qd6 32. Bf4 Qd8 33. Rd1 Qb8 34. d6 Qb6+ 35. Qf2 Qxf2+ 36. Kxf2 cxd6
37. Nb5 Ra2+ 38. Kg3 (38. Kg1 $8) 38... Ree2 $19 39. Rg1 Rxh2 40. Kf3 Rhf2+ 41.
Kg3 Rh2 42. Kf3 Rhf2+ 43. Kg3 Rfb2 44. Nc3 Rb3 45. Rc1 Raa3 46. Bd2 d5 47. Rc5
Bd4 0-1

[Event "Harlingen"]
[Site "Harlingen"]
[Date "1991.??.??"]
[Round "2"]
[White "Winants, Luc"]
[Black "Piket, Jeroen"]
[Result "0-1"]
[WhiteElo "2505"]
[BlackElo "2550"]
[Annotator "Ribli,Z"]
[PlyCount "66"]
[EventDate "1991.??.??"]
[EventType "tourn"]
[EventRounds "3"]
[EventCountry "GER"]
[EventCategory "13"]
[SourceTitle "CBM 024"]
[Source "ChessBase"]
[SourceDate "1991.10.01"]
[SourceVersion "1"]
[SourceVersionDate "1991.10.01"]
[SourceQuality "1"]

1. c4 e5 2. Nc3 Nc6 3. g3 g6 4. Bg2 Bg7 5. Rb1 a5 6. e3 d6 7. Nge2 h5 8. h3 (8.
Nd5 h4 9. d3 Nh6 10. Nec3 Nb4 $1 $10 {Lerner-Browne Lugano 1989 47/27}) 8...
Nh6 9. d3 O-O 10. e4 f5 11. Be3 Be6 12. Qd2 Kh7 13. O-O Qd7 14. Kh2 Rf7 15.
exf5 gxf5 16. f4 Rh8 17. Nd5 Kg8 18. fxe5 (18. d4 $5) 18... dxe5 19. Bg5 Nb4
20. Nxb4 axb4 21. Rbd1 c5 22. a3 h4 $1 23. Bxh4 (23. gxh4 $5) 23... f4 24. gxf4
Ng4+ 25. Kg3 Nf6 26. Qe1 Rxh4 $1 27. Kxh4 Nh5 $1 28. f5 Bf6+ 29. Kxh5 Rg7 $1
30. Qg3 Qe8+ 31. Kh6 Rxg3 32. Nxg3 Qf8+ 33. Kh5 Qg7 0-1

[Event "New York WFW"]
[Site "New York"]
[Date "1990.??.??"]
[Round "?"]
[White "King, Daniel J"]
[Black "Wolff, Patrick G"]
[Result "1-0"]
[WhiteElo "2560"]
[BlackElo "2540"]
[Annotator "Ribli,Z"]
[PlyCount "58"]
[EventDate "1990.09.??"]
[EventType "tourn"]
[EventRounds "9"]
[EventCountry "USA"]
[EventCategory "11"]
[SourceTitle "CBM 020"]
[Source "ChessBase"]
[SourceDate "1991.02.01"]
[SourceVersion "1"]
[SourceVersionDate "1991.02.01"]
[SourceQuality "1"]

1. c4 e5 2. Nc3 Nc6 3. g3 g6 4. Bg2 Bg7 5. e3 d6 6. Nge2 Be6 $6 7. d4 $1 Bxc4 (
7... exd4 8. Nxd4 Nge7 9. Nxe6 fxe6 10. Ne2 e5 11. e4 Qd7 12. Be3 {Mascarinas,
R-Ye Rongguang Manila izt 1990 CBM/19}) 8. d5 Bxe2 9. Qxe2 Nb8 10. Qb5+ Nd7 11.
Qxb7 Rb8 12. Qxa7 $5 (12. Qa6 Nc5 13. Qe2 f5 14. e4 Nf6 15. exf5 gxf5 16. Bh3
$14 {Larsen-Suttles Palma de Mallorca 1970}) 12... Nc5 13. Qa5 f5 14. O-O e4
15. Nb5 Ne7 16. Rd1 O-O 17. Bf1 Rb7 18. Rb1 Qb8 19. a4 Kh8 20. b3 Ng8 21. Ba3
Nf6 22. Bxc5 dxc5 23. Bc4 Ng4 24. d6 $1 cxd6 25. Nxd6 Ra7 26. Qxc5 Ne5 27. Rd5
Nf3+ 28. Kg2 h5 29. Nb5 Re7 $2 1-0